[Event "SRB-ch U20 Girls"]
[Site "Donji Milanovac"]
[Date "2011.08.01"]
[Round "2"]
[White "Milosevic, Jovana"]
[Black "Stojadinov, Svetlana"]
[Result "0-1"]
[WhiteElo "1734"]
[BlackElo "1846"]
[PlyCount "152"]
[EventDate "2011.08.01"]
[EventType "tourn"]
[EventRounds "9"]
[EventCountry "SRB"]
[SourceTitle "CBM 144 Extra"]
[Source "ChessBase"]
[SourceDate "2011.10.28"]
[SourceVersion "1"]
[SourceVersionDate "2011.10.28"]
[SourceQuality "1"]

1. e4 c5 2. Nf3 a6 3. d4 cxd4 4. Nxd4 Nf6 5. Nc3 e5 6. Nf3 Nc6 7. a3 Bc5 8. Bd3 h6 9. 0-0 0-0 10. h3 Re8 11. Re1 Nd4 12. Be3 Nxf3+ 13. Qxf3 Bxe3 14. Qxe3 b5 15. Rad1 Bb7 16. Bf1 Qc7 17. Rd2 Rac8 18. Bxb5 axb5 19. Nxb5 Qc6 20. Nd6 Nxe4 21. Qxe4 Qxd6 22. Rxd6 Bxe4 23. Rxe4 Rxc2 24. Rb4 Rc7 25. Rb5 Ra7 26. b4 Re7 27. Rb8+ Kh7 28. b5 Rxa3 29. b6 Rb3 30. b7 f6 31. Kf1 Kg6 32. Ke2 Kf5 33. Kd2 e4 34. Kc2 Rb5 35. Kc3 Ke5 36. Kc4 Kxd6 37. Kxb5 Kc7 38. Rc8+ Kxb7 39. Rc3 Re5+ 40. Kc4 Kc6 41. Kd4+ Kd6 42. Ra3 g6 43. Ra6+ Ke7 44. Ra7 Re6 45. Ra8 h5 46. Rg8 f5 47. Rg7+ Kd6 48. h4 Kc6 49. Rg8 Rd6+ 50. Ke3 Kc5 51. Rg7 Kd5 52. g3 Ke5 53. Re7+ Kf6 54. Re8 Rd3+ 55. Ke2 d5 56. Ra8 Rc3 57. Ra6+ Ke5 58. Rxg6 d4 59. Rg8 d3+ 60. Ke1 Rc1+ 61. Kd2 Rf1 62. Re8+ Kd6 63. Ke3 Re1+ 64. Kf4 Kd7 65. Re5 Re2 66. Kxf5 Kd6 67. Re8 Rxf2+ 68. Kg5 Kd5 69. Kxh5 d2 70. g4 Rf6 71. Rd8+ Rd6 72. Rxd6+ Kxd6 73. g5 d1Q+ 74. Kh6 Qg4 75. h5 Ke6 76. g6 Kf6 0-1